000
00215 a2200097 4500
001
47798
100
_a
Burke S
245
_a
Pakistan's foreign policy
260
_a
Karachi
_b
Herald press
_c
090
_c
30800
_d
30800
942
_a
NUST-CAE
_c
M
_c
23115
999
_c
282871
_d
282871